نظم المعلومات المحاسبية / (رقم التسجيلة. 27207)

تفاصيل مارك
000 -الفاتح
حقل البيانات ثابتة الطول 00847nam a22002177a 4500
003 - محدد رقم الضبط
رقم الضبط OSt
005 - وقت وتاريخ اخر تعامل مع التسجيلة
رقم الضبط 20150408114112.0
008 - عناصر البيانات ثابتة الطول - معلومات عامة
حقل البيانات ثابتة الطول 130129s2012 jo a f b 00| 0 ara d
020 ## - الرقم الدولى المعيارى للكتب
الرقم الدولى المعيارى للكتاب 9789957119881
040 ## - مصدر الفهرسة
وكالة الفهرسة الأصلية MU
لغة الفهرسة ara
082 04 - رقم تصنيف ديوى العشرى
رقم الطبعة 21
رقم التصنيف 657.0285
رقم المادة ط م ن
100 1# - المدخل الرئيسى - إسم شخصى
الإسم الشخصى الطائي، محمد عبد حسين آل فرج
9 (RLIN) 3237
245 10 - بيان العنوان
العنوان نظم المعلومات المحاسبية /
بيان المسئوليه,etc تأليف محمد عبد حسين آل فرج الطائي، رأفت سلامة محمود سلامة.
250 ## - بيان الطبعة
بيان الطبعة ط. 1.
260 ## - PUBLICATION, DISTRIBUTION, ETC. (IMPRINT)
مكان الناشر او الموزع عمان، الأردن :
اسم الناشر او الموزع دار وائل،
تاريخ النشر أو التوزيع 2012.
300 ## - الوصف المادى
التعداد 448 ص. :
تفاصيل ماديه اخرى للوعاء جداول ؛
أبعاد الوعاء 24 سم.
504 ## - تبصرة ببليوجرافية
تبصرة ببليوجرافية,الخ ببليوجرافية : ص. 441-448.
650 #4 - المدخل الاضافى بالموضوع-مصطلح موضوعى
مصطلح موضوعي أو اسم جغرافي كعنصر مدخل نظم المعلومات المحاسبية.
9 (RLIN) 3227
700 1# - المدخل الاضافى - اسم شخصى
الإسم الشخصى سلامة، رأفت سلامة محمود
9 (RLIN) 20092
942 ## - عناصر المدخل الإضافي( كوها)
مصدر التصنيف او مخطط الترفيف Dewey Decimal Classification
Koha [default] item type DVD
المقتنيات
حالة الفقد نموذج السعر الفعال حالة تلف ليس للاعارة رقم الطلب رقم النسخة تاريخ الاكتساب الموقع الحالي الباركود الفرع الرئيسي Date last seen نوع المادة فى نظام كوها مصدر التصنيف او خطة الترفيف Total Checkouts Date last checked out
  2013-03-10     657.0285 ط م ن ن 1 2013-01-29 المكتبة المركزية بالمجمعة (CL) 00107785 المكتبة المركزية بالمجمعة (CL) 2013-03-10 كتاب Dewey Decimal Classification    
  2013-03-10     657.0285 ط م ن ن 2 2013-01-29 المكتبة المركزية بالمجمعة (CL) 00107784 المكتبة المركزية بالمجمعة (CL) 2018-01-03 كتاب Dewey Decimal Classification 2 2017-11-20
  2013-03-10     657.0285 ط م ن ن 3 2013-01-29 المكتبة المركزية بالمجمعة (CL) 00107783 المكتبة المركزية بالمجمعة (CL) 2013-03-10 كتاب Dewey Decimal Classification    
  2013-03-10     657.0285 ط م ن ن 1 2013-01-29 قسم الاجراءات الفنية (IC) 00107782 قسم الاجراءات الفنية (IC) 2013-03-10 كتاب Dewey Decimal Classification    
  2013-03-10     657.0285 ط م ن ن 2 2013-01-29 قسم الاجراءات الفنية (IC) 00107781 قسم الاجراءات الفنية (IC) 2019-10-28 كتاب Dewey Decimal Classification 1 2019-09-16